000 01265cam a22003617a 4500
001 000045661
003 CHAP
005 20220329135942.0
008 971013s1989 mx |r| 000 0 spa d
010 _a44602
011 _a45574
035 _a49713
040 _cCHAP
090 _aFolleto 6576 (1989)
100 0 0 _aFlores Valdez, Claudio Armando.
_941768
245 1 3 _aEl nopal como forraje /
_c/por Claudio Armando Flores Valdez.
250 _a2 ed.
260 _aBermejillo, Dgo. :
_bUACH. Departamento de Zonas Aridas,
_c1989.
300 _a80 p. :
_b: ilus.
590 _aBATCH-UPD
_b10
_c20130110
_lUCH01
_h1813
590 _aCONVERSION
_b10
_c20130109
_lUCH01
_h1324
590 _aE5765TAJ
_b05
_c20171121
_lUCH01
_h1403
650 1 4 _aNopal como forraje.
_981712
700 0 _aAguirre Rivera, Juan Rogelio.
_93029
901 _aBK
942 _cFOLL
942 _n0
949 _aFolleto 6576 (1989)
_bBC
_cFOLL
_d-112051
_eTS1
_i49713
_mD
_si
949 _aFolleto 6576 (1989)
_bBC
_cFOLL
_d-113054
_eTS2
_fc.3
_i49713
_si
949 _aFolleto 6576 (1989)
_bBC
_cFOLL
_d33724002217686
_eTS2
_fc.5
_i49713
_si
949 _aFolleto 6576 (1989)
_bBC
_cFOLL
_d33724002217801
_eTS2
_fc.2
_i49713
_si
949 _aFolleto 6576 (1989)
_bBC
_cUACH
_d-114441
_eUACH
_fc.4
_i49713
_si
999 _c44602
_d44602